Central Library OPAC University of Rajshahi

Women's growth in connection : (Record no. 34756)

MARC details
000 -LEADER
fixed length control field 01414nam a2200349 a 4500
001 - CONTROL NUMBER
control field 34756
003 - CONTROL NUMBER IDENTIFIER
rucl marc code BD-RjUL
005 - DATE AND TIME OF LATEST TRANSACTION
control field 20211209052215.0
008 - FIXED-LENGTH DATA ELEMENTS--GENERAL INFORMATION
fixed length control field 140519s1991 nyu b 001 0 eng
020 ## - INTERNATIONAL STANDARD BOOK NUMBER
International Standard Book Number 0898625629 (acidfree paper)
International Standard Book Number 0898624657 (pbk.)
035 ## - SYSTEM CONTROL NUMBER
System control number (BD-RjUL)34850
040 ## - CATALOGING SOURCE
Original cataloging agency DLC
Transcribing agency DLC
Modifying agency DLC
-- BD-RjUL
Language of cataloging eng
041 ## - LANGUAGE CODE
Language code of text/sound track or separate title eng
082 00 - DEWEY DECIMAL CLASSIFICATION NUMBER
Classification number 305.42
Edition number 20
Author mark and year WOM 1991
245 00 - TITLE STATEMENT
Title Women's growth in connection :
Remainder of title writings from the Stone Center /
Statement of responsibility, etc. Judith V. Jordan ... [et al.].
260 ## - PUBLICATION, DISTRIBUTION, ETC. (IMPRINT)
Place of publication, distribution, etc. New York :
Name of publisher, distributor, etc. Guilford Press,
Date of publication, distribution, etc. c1991.
300 ## - PHYSICAL DESCRIPTION
Pagination x, 310 p. ;
Size 24 cm.
504 ## - BIBLIOGRAPHY, ETC. NOTE
Bibliography, etc Includes bibliographical references (p. 291-305) and index.
650 #0 - SUBJECT ADDED ENTRY--TOPICAL TERM
Topical term or geographic name as entry element Women
General subdivision Psychology.
9 (RLIN) 67448
Topical term or geographic name as entry element Self-actualization (Psychology)
9 (RLIN) 3743
Topical term or geographic name as entry element Self.
9 (RLIN) 105767
700 1# - ADDED ENTRY--PERSONAL NAME
Personal name Jordan, Judith V. ... [et al.].
710 2# - ADDED ENTRY--CORPORATE NAME
Corporate name or jurisdiction name as entry element Stone Center for Developmental Services and Studies.
9 (RLIN) 105769
856 42 - ELECTRONIC LOCATION AND ACCESS
Materials specified Contributor biographical information
Uniform Resource Identifier <a href="http://www.loc.gov/catdir/bios/guilford051/91012093.html">http://www.loc.gov/catdir/bios/guilford051/91012093.html</a>
Materials specified Publisher description
Uniform Resource Identifier <a href="http://www.loc.gov/catdir/description/guilford051/91012093.html">http://www.loc.gov/catdir/description/guilford051/91012093.html</a>
Materials specified Table of contents only
Uniform Resource Identifier <a href="http://www.loc.gov/catdir/enhancements/fy0609/91012093-t.html">http://www.loc.gov/catdir/enhancements/fy0609/91012093-t.html</a>
Materials specified Sample text
Uniform Resource Identifier <a href="http://www.loc.gov/catdir/enhancements/fy0651/91012093-s.html">http://www.loc.gov/catdir/enhancements/fy0651/91012093-s.html</a>
942 ## - ADDED ENTRY ELEMENTS (KOHA)
Source of classification or shelving scheme Dewey Decimal Classification
Koha item type Books
Holdings
Lost status Source of classification or shelving scheme Damaged status Not for loan Collection code Permanent Location Current Location Shelving location Date acquired Source of acquisition Cost, normal purchase price Total Checkouts Full call number Date last seen Copy number Koha item type
  Dewey Decimal Classification   Not For Loan Non-fiction Central Library, University of Rajshahi Central Library, University of Rajshahi Reading Room 15/09/1998 Unicef 0.00   305.42 WOM 1991 19/05/2014 C-1 Books